000 00676nam a2200169 4500
001 6234
005 20181127181226.0
110 _aSociety for Human Resource Management.
_b
_c
_d
_e
_n
_p
245 0 0 _aThe SHRM learning system /
_b
_cSociety for Human Resource Management.
_h
260 0 0 _a
_bThe SHRM learning system.
_c2008
300 0 0 _axx, 204 p ; 24 cm.
505 _aModule one: Strategic management -- Module three: Human resources development -- Module four: Total rewards -- Module five: Employee and labor relations.
_g
_r
_t
650 _aPersonnel management.
_v
_x
_y
_z
_2
650 0 0 _aManagement.
_x
650 0 0 _aStrategic planning.
_x
999 _c5269
_d5269